Consecuencias del pragmatismo
Gardado en:
| Autor Principal: | |
|---|---|
| Formato: | Libro |
| Idioma: | Lingua castelá |
| Publicado: |
Madrid
Tecnos
1996
|
| Subjects: | |
| Tags: |
Engadir etiqueta
Sen Etiquetas, Sexa o primeiro en etiquetar este rexistro!
|
MARC
| LEADER | 00000nam a2200000 a 4500 | ||
|---|---|---|---|
| 001 | UCL4654 | ||
| 003 | CL-VaPUC | ||
| 008 | 040123e19960000SP |||||||||||||||||spa|d | ||
| 020 | |a 8430927808 | ||
| 082 | 0 | 4 | |a 144.3 |b ROR |2 21 |
| 100 | 0 | |a Rorty, Richard |e author |9 455762 | |
| 245 | 1 | 0 | |a Consecuencias del pragmatismo |
| 300 | |a 323 p | ||
| 942 | |c BK | ||
| 945 | |d 20040123 00:00:00 |a cmena | ||
| 260 | |a Madrid |b Tecnos |c 1996 | ||
| 650 | 0 | |a Pragmatismo |9 316729 | |
| 650 | 0 | |a Humanismo |9 256530 | |
| 650 | 0 | |a Idealismo |9 265685 | |
| 583 | |a last modification |c 20040123 00:00:00 |k Rodrigo Vera | ||
| 999 | |c 307464 |d 307462 | ||
| 952 | |0 0 |1 0 |4 0 |6 144_300000000000000_ROR_1996 |7 0 |8 A |9 373436 |a BIBGIM |b BIBGIM |d 2019-11-21 |i 3978532 |o 144.3 ROR 1996 |p 3978532 |r 2025-01-15 |w 2019-11-21 |y BK |k SSL | ||